00267nam a2200097Ia 4500001000800000005001700008008004100025020001800066245006600084260001900150127237420260417151427.0260417s9999 xx 000 0 und d a9786256309920 0aTarçın ile Pırpır – Ormandaki KargaşacNicola Colton bKetebe Çocuk